| 000 | 00528nam a2200205 4500 | ||
|---|---|---|---|
| 005 | 20260527155512.0 | ||
| 010 | _aENG-148642 | ||
| 020 |
_a9788195639205 _c1200.00 |
||
| 035 | _aEN-132174 | ||
| 037 | _bDBAD | ||
| 082 | _aS | ||
| 100 |
_aMirza, Saeed _979363 |
||
| 245 |
_aI Know the Psychology of Rats/ _cSaeed Mirza |
||
| 250 | _a1 | ||
| 260 |
_aNew Delhi _bTulika Books _c2023 |
||
| 270 |
_a44 (First Floor), Shahpur Jat, _bNew Delhi _e110049 |
||
| 300 |
_a157p. _c24cm(pb) |
||
| 490 | _v3 | ||
| 942 |
_2ddc _cEN _hS _mMIR |
||
| 999 |
_c216383 _d216383 |
||